000 01052cam a2200217 4500
001 WB3831-45
008 020829n2002 000 0 eng u
035 _a(Sirsi) u119490
245 _aProposals for safer landfill sites
260 _c2002
490 _aScottish Executive Press Release
_v29 August 2002, (2)
520 _aA new consultation paper sets out proposals to improve the standards of landfill sites across Scotland and prevent farm dumps from causing environmental damage. The paper is the second consultation on the implementation in Scotland of European Directive 1999/31/EC on the landfill of waste. Consultation deadline is 22 November 2002. "Safer landfill" available at www.scotland.gov.uk/library5/environment/sl2c-00.asp www.scotland.gov.uk/pages/news/2002/08/SEen135.aspx
590 _aWB
650 _aLANDFILL SITES
650 _aSCOTLAND
650 _aAGRICULTURAL WASTE
650 _aFARMING INDUSTRY
650 _aEU DIRECTIVES
690 _aENVIRONMENTAL AND LAND CONSULTANCY-WASTE MANAGEMENT
942 _n0
999 _c71045
_d71045